Availability of rubberwood resource in Peninsular Malaysia (Record no. 48101)
[ view plain ]
| 000 -LEADER | |
|---|---|
| fixed length control field | 01332nam a2200145Ia 4500 |
| 100 ## - MAIN ENTRY--AUTHOR NAME | |
| Personal name | Ismariah A |
| 245 #0 - TITLE STATEMENT | |
| Title | Availability of rubberwood resource in Peninsular Malaysia |
| 260 ## - PUBLICATION, DISTRIBUTION, ETC. (IMPRINT) | |
| Name of publisher | Rubberwood Processing and Utilization, Malaysia, 1994; p7-15 |
| Year of publication | 1994 |
| 520 ## - SUMMARY, ETC. | |
| Summary, etc | The decline in the projected supply of rubberwood is the consequence of landuse changes from rubber to other crops, during the mid 1980's. The trend is likely to continue due to the recent policy of promoting structural change in the economy from agriculture to manufacturing. The estimate for 1990-2017 shows that the supply of rubberwood logs will not be able to meet the demand. However, factors like improving utilisation and product diversification could overcome the situation to some extent. In that respect, it is important to note the current proportion of rubberwood utilization as sawlogs. A rigid assumption of very low net volume usefuul as sawlogs or veneer logs results in a greater portion of rubberwood resource being suitable for othre uses. Unless more factories are established to absorb this residual for the manufacturing of other wood products, the amount of resource wasted will be tremendous. |
| 650 ## - SUBJECT ADDED ENTRY--TOPICAL TERM | |
| Topical Term | Malaysia |
| 650 ## - SUBJECT ADDED ENTRY--TOPICAL TERM | |
| Topical Term | Rubberwood industry |
| 700 ## - ADDED ENTRY--PERSONAL NAME | |
| Personal name | Norini H |
| 942 ## - ADDED ENTRY ELEMENTS (KOHA) | |
| Koha item type | Bibliography RLWO |
| Withdrawn status | Lost status | Damaged status | Not for loan | Home library | Current library | Date acquired | Koha item type |
|---|---|---|---|---|---|---|---|
| Bibliography | RRII Library | RRII Library | 31/12/2021 | Bibliography RLWO |